000 00369nam a2200145Ia 4500
008 230312s9999||||xx |||||||||||||| ||und||
082 _a621.4023
_bKHO-P
100 _aMuhammad Zulfiqar Ali Khokhar
245 0 _aPhysical Chemistry
260 _bArif sons
_aPakistan
_c2007
300 _a504
546 _aEng.
650 _aEngineering
_vPhysical Chemistry
942 _cBK
999 _c6424
_d6424